|
|
|
|
| LEADER |
00000nam a2200000 4500 |
| 008 |
190205b1997 cr a|||| |||| 00| 0 spa d |
| 999 |
|
|
|c 3629
|d 3629
|
| 090 |
|
|
|a Tesis # 27
|
| 100 |
|
|
|9 4437
|a Lázaro Jirón, Luis Armando
|
| 245 |
|
|
|a Las universidades privadas y las preferencias estudiantiles en Costa Rica a mediados de los años 90: análisis de las representaciones sociales de los estudiantes de las universidades privadas sobre la oferta educativa del conjunto de la educación superior /
|c Luis Armando Lázaro
|
| 260 |
|
|
|a San José, Costa Rica :
|b L. Lázaro J.,
|c 1997
|
| 300 |
|
|
|a xxiii, 220 hojas : ilustraciones
|
| 502 |
|
|
|a Tesis (Magister Scientiae)--Universidad de Costa Rica. Comisión del Programa de Estudios de Posgrado en Sociología, 1997
|
| 650 |
1 |
4 |
|9 16
|a UNIVERSIDADES
|
| 650 |
1 |
4 |
|9 481
|a ESTUDIANTES UNIVERSITARIOS
|
| 942 |
|
|
|i 001499
|h Tesis # 27
|2 z
|c 02
|